Fatwa on terrorism and suicide bombings (Record no. 324306)
[ view plain ]
| 000 -LEADER | |
|---|---|
| fixed length control field | 00409 a2200133 4500 |
| 001 - CONTROL NUMBER | |
| control field | 89233 |
| 082 ## - DEWEY DECIMAL CLASSIFICATION NUMBER | |
| Classification number | 363.325 TAH |
| 090 ## - LOCALLY ASSIGNED LC-TYPE CALL NUMBER (OCLC); LOCAL CALL NUMBER (RLIN) | |
| -- | 42183 |
| -- | 42183 |
| 100 ## - MAIN ENTRY--PERSONAL NAME | |
| Personal name | Tahir ul Qadri Dr, Shaykh ul Islam |
| 245 ## - TITLE STATEMENT | |
| Title | Fatwa on terrorism and suicide bombings |
| Statement of responsibility, etc. | Tahir ul Qadri Dr, Sheikh ul Islam |
| 260 ## - PUBLICATION, DISTRIBUTION, ETC. | |
| Place of publication, distribution, etc. | New Delhi |
| Name of publisher, distributor, etc. | Rupa |
| Date of publication, distribution, etc. | 2014 |
| 300 ## - PHYSICAL DESCRIPTION | |
| Extent | xxxix, 475 p. |
| 700 ## - ADDED ENTRY--PERSONAL NAME | |
| Relator code | John L Esposito, Prof; Sudheendra Kulkarni |
| 942 ## - ADDED ENTRY ELEMENTS (KOHA) | |
| Institution code [OBSOLETE] | CAE NUST |
| Call number prefix | 363.325 TAH |
| Withdrawn status | Lost status | Damaged status | Not for loan | Collection code | Permanent Location | Current Location | Date acquired | Total Checkouts | Full call number | Barcode | Date last seen | Price effective from | Koha item type | Source of classification or shelving scheme |
|---|---|---|---|---|---|---|---|---|---|---|---|---|---|---|
| College of Aeronautical Engineering (CAE) | College of Aeronautical Engineering (CAE) | 04/03/2017 | 363.325 TAH | CAE86110 | 04/05/2017 | 04/05/2017 | Book | |||||||
| School of Civil and Environmental Engineering (SCEE) | School of Civil and Environmental Engineering (SCEE) | 09/12/2019 | 363.325 TAH | NIT-10464 | 09/12/2019 | 09/12/2019 |
